| 000 | 01576cad a22002535a 4500 | ||
|---|---|---|---|
| 001 | L157060 | ||
| 008 | 120828s2012 xxk f 000 0 eng d | ||
| 020 | _a9781409836247 | ||
| 035 | _a(Sirsi) u157060 | ||
| 041 | 0 | _aeng | |
| 100 | 1 | _aMontague, Adrian | |
| 245 | 0 | 0 | _aReview of the barriers to institutional investment in private rented homes[electronic resource] |
| 260 |
_aLondon _bDCLG _c2012 |
||
| 505 | 2 | _aBackground -- Evidence -- Conclusions and recommendations -- Annexe I Terms of reference | |
| 520 | _aOutlines the findings of Sir Adrian Montague's review of the barriers to institutional investment in private rented sector (prs). Recommendations include local authorities working within existing planning law to encourage prs development schemes to meet local needs, publishing information on use of released public land for prs schemes, better regulation within the sector, the establishment of a dedicated Task Force focused on prs and new standards relating to quality levels of energy efficiency, sustainability, maintenance and management. Concludes there is potential for investment in large scale prs development schemes which would boost housing supply and increase choice for tenants. | ||
| 590 | _aKA NTK | ||
| 650 | 2 | 4 | _aHOUSING STRATEGY |
| 650 | 2 | 4 | _aMONTAGUE REVIEW |
| 651 | 4 |
_aUnited Kingdom _y |
|
| 690 |
_aResidential property _96266 |
||
| 690 |
_aInvestments _96250 |
||
| 856 | 4 | 0 |
_uhttps://www.communities.gov.uk/documents/housing/pdf/2204242.pdf _zView the item free of charge from the www.communities.gov.uk website |
| 942 | _n0 | ||
| 999 |
_c114564 _d114564 |
||